| 000 | 00760cam a22002175a 4500 | ||
|---|---|---|---|
| 999 |
_c331037 _d331037 |
||
| 001 | 17509765 | ||
| 003 | NUST | ||
| 005 | 20180117104012.0 | ||
| 008 | 121026s2013 cau 000 0 eng | ||
| 010 | _a 2012952715 | ||
| 040 |
_aDLC _cDLC |
||
| 042 | _apcc | ||
| 082 | _a001.4220285 BAZ | ||
| 100 | 1 |
_aBazeley, Pat. _94443 |
|
| 245 | 1 | 0 |
_aQualitative data analysis with NVIVO / _cPat Bazeley, Kristi Jackson. |
| 250 | _a2nd ed. | ||
| 260 |
_aThousand Oaks, CA : _bSage Publications, _c2013. |
||
| 263 | _a1305 | ||
| 300 | _ap. cm. | ||
| 906 |
_a0 _bibc _corignew _d2 _eepcn _f20 _gy-gencatlg |
||
| 942 |
_2ddc _cBK |
||